000 00655 a2200157 4500
020 _a0821887173 (paperback)
020 _a9780821887172 (paperback)
082 _a516.36
090 _c1753
_d1753
100 1 _aIvey, J M Landsberg Thomas A.
245 1 0 _aCartan for beginners :
_bdifferential geometry via moving frames and exterior differential systems /
_cJ M Landsberg Thomas A Ivey.
260 _aRhode Island
_bAmerican Mathematical Society
_c2012.
300 _a1 v. (unpaged) ;
_c25 cm.
942 _aSNS
_cBK
_k516.36 IVE
999 _c30360
_d30360